Personnages de Super Mario Galaxy. le film - Statistiques

Statistiques générales
  • Ce quiz a été pris 49 fois
    32 depuis la dernière actualisation
  • Le résultat moyen est 38 sur 130
Statistiques - réponses
Indices Personnages % Correct
Roi du Pays-Noir Bowser
100%
Chef de l'armée du Royaume Champignon Général Toad
100%
La gardienne des étoiles Harmonie
100%
Plombier portant du Vert Luigi
100%
Plombier portant du Rouge Mario
100%
Princesse du Royaume Champignon Peach
100%
Slippy Toad
100%
Sujets du Royaume Champignon Toad
100%
Fils du Roi du Pays-Noir Bowser Jr.
96%
Dinosaure vert Yoshi
96%
Magicien portant une robe bleue Kamek
84%
Unité principale de l'Armée Koopa Koopa Troopa
80%
Créatures en forme d'étoile Luma
80%
Dinosaure rose portant un nœud et une bague Birdo
64%
Champignon Marron de l'Armée Koopa Goomba
64%
Pilote rebelle d'un autre univers et chef des Star Fox Fox McCloud
56%
Unité volante de l'Armée Koopa Paratroopa
56%
Créature en forme d'étoile bébé Bébé Luma
52%
Gorille originaire du Royaume de la Jungle maintenant à Brooklyn Donkey Kong
52%
Accesoire de la NES jouable dans Smash Bros R.O.B.
52%
Version enfant du plombier portant du vert Bébé Luigi
48%
Version enfant du plombier portant du rouge Bébé Mario
48%
Version squelettique du Roi du Pays-Noir Bowser Skelet
48%
Habitants du Royaume de Glace Pingouin
48%
"Chien" enchaîné Chain Chomp
44%
Plante carnivore vivant dans des tuyaux Plante piranha
44%
Champignon Marron volant de l'Armée Koopa Paragoomba
40%
La reine du Royaume des abeilles Reine des Abeilles
40%
Ancien patron des frères plombiers | Tortue verte qui lance des boules de pics Spike
40%
Version enfant du sujet du Royaume Champignon Bébé Toad
36%
Calamars jetant de l'encre Bloups
36%
Poisson Rouge Cheep-Cheep
36%
Tortue à lunette sur un nuage Lakitu
36%
Robot géant piloté par le Fils du Pays-Noir Mégapod
36%
Personnage de la série Game & Watch invoqué par le Pinceau Magique Mr.Game & Watch
36%
Ninja servant le maître du Casino Ninji
36%
Princesse qui met une droite au voleur de sac Princesse Daisy
36%
Dinosaure prédateur avec des petites mains du Territoire Théropode T-Rex
36%
Le Boss Final de Super Mario Bros.2 Wart
36%
Chenille avec des problèmes de gestion de la colère Wiggler
36%
Sujets du Royaume des abeilles Abeille
32%
Fusée noire Bill Balle
32%
Bombe noire Bob-Omb
32%
Tortue qui jette des marteaux Frère Marto
32%
Tortue avec une carapace rouge avec des épines Hériss
32%
Transformation avec la Fleur Nuage Luigi Nuage
32%
Individu vêtu de rouge portant un masque blanc Maskass
32%
Transformation avec le Mini Champignon Mini Bowser
32%
Boss Souris qui apparait dans Super Mario Bros. 2 Mouser
32%
Transformation avec le Champignon Foreuse Mario foreuse
28%
Minuscule Champignon Marron Mini-Goomba
28%
Cactus composé de plusieurs boules de pics Pokey
28%
Chasseuse de Prime qui n'apparaît pas physiquement mais son vaisseau si Samus
28%
Chauve-souris Swooper
28%
Taupe Topi Taupe
28%
Transformation avec le Fruit Ballon Yoshi Ballon
28%
Membre des Star Fox Falco Lombardi
24%
Boxeur avec des gants verts et un survet rose de Brooklyn Little Mac
24%
Transformation avec le Costume Grenouille Luigi-Grenouille
24%
Statue Moaï habitante d'Ifézèc Ma'tuvu
24%
Très gros Champignon Marron Méga-Goomba
24%
Habitants de l'Île Delfino avec un palmier sur la tête Pianta
24%
Transformation avec le Costume Pingouin Toad Pingouin
24%
Porte-monnaie grenouille Crapognon
20%
Transformation avec la Fleur de Feu Mario de Feu
20%
Transformation avec la Fleur de Glace Mario de Glace
20%
Autruche portant des lunettes de soleil Pico Condor
20%
Forme de vie hybride mi animal & végétal vivant sur PNF-404 Pikmin
20%
Unité squelettique de l'armée Koopa Skelerex
20%
Sujets du Royaume à couette apparait dans une peinture du Château de Peach Toadette
20%
Singe qui vole le sac du sujet du Royaume Champignon Ukiki
20%
Oiseau servant de moyen de transport dans Super Mario Galaxy 2 Araplane
16%
Apparaît dans un Flashback de la Princesse du Royaume Champignon Bébé Peach
16%
Bébé des habitants du Royaume de Glace Bébé Pingouin
16%
Coccinelles qui se baladent proche du lac Coccinelly
16%
Ancien prisonnier nihiliste devenu gardien de prison nihiliste Goinfre Luma
16%
Lapin vivant dans l'espace Lapin Stellaire
16%
Luigi de Feu
16%
Peluche d'un roi poulpe provenant de Super Mario Galaxy Poulpoboss
16%
Scarabées exploités par le Royaume des abeilles Skarabée
16%
Transformation avec le Super Champignon Super Peach
16%
Créature de pierre qui s'écrase sur le sol en disant "UEUH" Thwomp
16%
Cuisinier Sujets du Royaume Champignon Toad cuisinier
16%
Habitants d'Ifézèc Zuituzèc
16%
Tortue qui fait du rugby Bill Dozer
12%
Tortue avec une carapace bleue foncée Bruyinsecte
12%
Chien des premiers clients Francis
12%
Peluche du boss dragon de Super Mario Galaxy 2 Gargantulus
12%
Compagnon de Mario Sunshine crée par le certain inventeur J.E.T.
12%
Transformation avec la Plume Mario-Cape
12%
Transformation avec l'Étoile rouge Mario Volant
12%
Animal marin avec épines Oursin
12%
Logo d'un certain inventeur sur le mug du magicien en robe bleue Professeur Karl Tastroff
12%
Un casque d'un certain pilote de course et une aile de son vaisseau bleu apparait dans la galaxie Poussière d'Étoile Captain Falcon
8%
Entraineur du boxeur Doc Louis
8%
Dragon de foudre invoqué par le Pinceau Magique Dragolos
8%
Grosse Tortue jetant des gros marteaux Frère Mastoc
8%
Motif sur une couverture de petite créature noire ébouriffée Fuzzy
8%
Gros Poisson Rouge Méga Cheep-Cheep
8%
Apparaît dans la chambre des frères plombiers sur un cadre provient du jeu Octopus Ozzie the Octopus
8%
Oiseau du Royaume Champignon Petit oiseau
8%
Projectiles jeter par la tortue à lunette sur un nuage Pic-Pic
8%
Poulpe bleu commun dans Super Mario Galaxy Poulba
8%
Poulpe rouge commun dans Super Mario Galaxy Poulbob
8%
Robot nettoyeur travaillant au Portail Céleste Robby
8%
Individu vêtu de rouge portant un masque noir Snifit
8%
Transformation avec le Pinceau Magique Wonder Bowser Jr.
8%
Apparaît sous forme de fossile dans le musée historique de Brooklyn Albatr-Osseux
4%
Fleur de Yoshi's Island apparait dans une peinture du Château de Peach Barjo Daisy
4%
Apparaît dans un Flashback du fils du Roi du Pays-Noir Bébé Bowser Jr.
4%
Boss Crabe qui apparait dans Super Mario Bros. 2 Clawgrip
4%
Les premiers clients de Super Mario Bros.Plomberie CoupledeBrKLn
4%
Peluche d'un tricératops bleu provenant de Super Mario Bros. Wonder Coursératops
4%
Champignon Marron portant un casque Goomba casqué
4%
Petit être fait de bois Kopo
4%
Bombe ballon arme fétiche d'un certain Koopa portant un mohawk multicolore Lemmy Koopa
4%
Compagnon de Paper Mario Origami King apparaît dans la bibliothèque de l'Observatoire Olivia
4%
Apparait dans la chambre des frères plombiers sur un poster provient du jeu Ice Climber Ours Polaire
4%
Peppy Hare
4%
Escargots Habitants de Pétillance Pétillopode
4%
Masque blanc et rouge accroché au mur de la ville futuriste Phanto
4%
Construction similaire à une plante longue de Super Mario 3D World Piranha rampante
4%
Carrousel sur la Planète Bowser à l'effigie du Roi des fantôme Roi Boo
4%
Canon à Bille arme fétiche d'un certain Koopa chauve à lunettes de soleil Roy Koopa
4%
Lapin qui crache du poison qui apparaît sur un signe de la ville futuriste Spewart
4%
Version graine du cactus Tête de Pokey
4%
Compagnon de Super Paper Mario apparaît dans la bibliothèque de l'Observatoire Tippi
4%
Plante invoqué par le Pinceau Magique Tiranha
4%
Motif sur une couverture d'une créature de pierre qui roule Mabroule
0%
Aucun quiz correspondant
Distribution des résultats
% des personnes avec chaque résultat
Percentile par nombre de réponses
Votre historique - résultats
Vous n’avez pas pris ce quiz depuis la dernière actualisation